Score 0/36 Timer 04:00
0 Plays Today
Hint 4-Letter Word % Correct
❅ Autumn ❅FALL
97.1%
Group of musiciansBAND
95.9%
❅ Feathered friend ❅BIRD
95.6%
❅ Spherical toy ❅BALL
95.5%
❅ Financial institution ❅BANK
94.7%
To dismiss an employeeFIRE
94.1%
Epic non-successFAIL
92.9%
Tie tightly togetherBIND
92.5%
Golfer's shoutFORE
91.8%
❅ Foot covering ❅SHOE
90.7%
A third of a yardFOOT
90.5%
Military strongholdFORT
90.2%
❅ Start up a computer ❅BOOT
89.9%
Seagoing vesselSHIP
89.8%
HesitateBALK
89.1%
Below average speedSLOW
88.9%
French fry in UKCHIP
88.7%
❅ Spades or hearts, e.g. ❅SUIT
88.4%
Hint 4-Letter Word % Correct
MarketSHOP
88.3%
❅ Let fall vertically ❅DROP
88.2%
UnclothedBARE
86.9%
Ink stainBLOT
86.8%
Stage objectPROP
86.6%
❅ Weaken, become fatigued ❅TIRE
84%
Expel air through mouthBLOW
83.1%
Shed beads of liquidDRIP
83%
Tribal poet-singer BARD
83%
Narrow openingSLIT
82.5%
Blackthorn berry used in ginSLOE
82.5%
L.A. gang memberCRIP
82.1%
Before Alka Seltzer fizzPLOP
79.6%
❅ Furrow ground before seeding ❅PLOW
78.2%
Weed that resembles wheat TARE
74.2%
Precedes 'accompli'FAIT
74%
Move swiftly and lightlyFLIT
71.3%
❅❅ COMMON BOND ❅❅SNOW
31.2%

Today's Daily Dose

Missing Word
Marvin Gaye Songs

Quick Pick
Movies of 2019

Get the Picture
Chinese Cities

You're not logged in!

Compare scores with friends on all Sporcle quizzes.
OR
Log In

Sporcle TV

Today on Sporcle TV


Watch our educational content, quiz creation guides, and fun videos on Sporcle TV.

Show Comments

Extras

Top Quizzes Today


Score Distribution

Your Account Isn't Verified!

In order to create a playlist on Sporcle, you need to verify the email address you used during registration. Go to your Sporcle Settings to finish the process.

Report this User

Report this user for behavior that violates our Community Guidelines.

Details: